| 000 | 01348cam a2200265 4500 | ||
|---|---|---|---|
| 001 | WB3946-12 | ||
| 008 | 031204n2003 000 0 eng u | ||
| 035 | _a(Sirsi) u124564 | ||
| 245 | _aAway from your desk? You must be at work | ||
| 260 | _c2003 | ||
| 490 |
_aKing Sturge Press Release _v 1 December 2003 (2) |
||
| 520 | _aA King Sturge (KS) survey into the human impact of office buildings has revealed that the average UK employee is away from their desk for 4 hours and 10 minutes every day. However KS did not believe this would lead to more hot-desking intiatives, as where an employee works is important in terms of their overall efficiency and morale. "Office buildings: the human impact", surveyed 326 occupiers in the UK, USA and Europe and looks at the working day, the journey to work, location and design, information and communications technology and transport and green issues. http://www.kingsturge.com/site/docs/pressoffice/newsdisplay.cfm?NID=%24%299S%25K%20%20%20%0A. | ||
| 590 | _aWB | ||
| 650 | _aOFFICE BUILDINGS | ||
| 650 | _aOFFICE OCCUPIERS | ||
| 650 | _aUNITED KINGDOM | ||
| 650 | _aUNITED STATES | ||
| 650 | _aEUROPE | ||
| 650 | _aRESEARCH REPORTS | ||
| 650 | _aOFFICE ENVIRONMENTS | ||
| 650 | _aEMPLOYEES | ||
| 650 | _aHOTDESKING | ||
| 690 | _aPROPERTY MANAGEMENT-COMMERCIAL PROPERTY | ||
| 942 | _n0 | ||
| 999 |
_c73925 _d73925 |
||